| 000 | 00557nam a22001697a 4500 | ||
|---|---|---|---|
| 999 |
_c4556 _d4556 |
||
| 003 | OSt | ||
| 005 | 20181210102832.0 | ||
| 008 | 181210b ||||| |||| 00| 0 eng d | ||
| 040 | _cDLC | ||
| 082 |
_a248 _bE54P |
||
| 100 | _aEdmand, V. Raymond | ||
| 245 |
_aYour Personal Problems Answered: _bHow To Meet Many Perplexing Questions In The Christian Life / _cBy V. Raymond Edmand. |
||
| 260 |
_aIllinois, USA : _bScriptures Press, Book Division, _cc1959. |
||
| 300 | _a64 p.: | ||
| 650 |
_aAnswers For Personal Problems _xPerplexing Questions |
||
| 942 |
_2ddc _cBK |
||